000 01673nam a22004457a 4500
001 000095316
003 CHAP
005 20220329143105.0
008 060228d2005 mx ad r 00110 spa d
010 _a91782
011 _a92754
035 _a103320
040 _cCHAP
090 _aTesis
100 1 _aSalazar Tlaczani, Guillermo
_9101459
245 1 0 _aModelo de monitoreo de plagas y enfermedades en chile bell (Capsicum annuum L.) bajo casa sombra /
_c/por Guillermo Salazar Tlaczani.
260 _aChapingo, Méx. :
_bEl autor,
_c2005.
300 _a62 h. :
_bilus. ; cuadros.
502 _aTesis (Ing. Agr. Esp. en Fitotecnia) -- UACH. Departamento de Fitotecnia
590 _aALEPH
_b10
_c20130110
_lUCH01
_h1509
590 _aBATCH-UPD
_b10
_c20130110
_lUCH01
_h0558
590 _aBATCH-UPD
_b10
_c20130410
_lUCH01
_h0239
590 _aBATCH-UPD
_b10
_c20130914
_lUCH01
_h0841
590 _aBATCH-UPD
_b10
_c20140324
_lUCH01
_h1454
590 _aBATCH-UPD
_b10
_c20141002
_lUCH01
_h0828
590 _aCONVERSION
_b10
_c20130109
_lUCH01
_h1351
590 _aE12093SGE
_b10
_c20130717
_lUCH01
_h1331
650 1 4 _aCapsicum annum.
_918733
650 1 4 _aChile (Botánica)
_xEnfermedades.
_922353
650 1 4 _aChile (Botánica)
_xPlagas.
_922380
650 1 4 _aChile pimiento
_xEnfermedades.
_922476
650 1 4 _aCultivos en invernadero.
_930376
856 _3Finding aid
_uhttp://10.13.5.2/tesis/103320.pdf
_zTeclea aquí
901 _aBK
905 _aMarco A. Mendoza T.
942 _cCD
942 _n0
949 _aTesis
_bBC
_cTES
_d00000001033201
_eTS1
_gDonaciØn
_h44758
_i103320
_sb
949 _aTesis
_bBC
_cTES
_d33724000980033
_eTS2
_fc.2
_gDonaciØn
_h44759
_i103320
_si
999 _c91782
_d91782